Every Balon D'or Winner - Statistics

General Stats
  • This quiz has been taken 4,832 times
    1,213 since last reset
  • The average score is 41 of 69
Answer Stats
Hint Answer % Correct
2017 Cristiano Ronaldo
99%
2016 Cristiano Ronaldo
99%
2014 Cristiano Ronaldo
99%
2013 Cristiano Ronaldo
99%
2008 Cristiano Ronaldo
99%
2023 Lionel Messi
99%
2021 Lionel Messi
99%
2019 Lionel Messi
99%
2015 Lionel Messi
99%
2012 Lionel Messi
99%
2011 Lionel Messi
99%
2010 Lionel Messi
99%
2009 Lionel Messi
99%
2002 Ronaldo
99%
1997 Ronaldo
99%
2025 Ousmane Dembélé
97%
2018 Luka Modric
96%
2024 Rodri
96%
2022 Karim Benzema
94%
2005 Ronaldinho
87%
2007 Kaka
86%
2006 Fabio Cannavaro
78%
1998 Zinedine Zidane
76%
2003 Pavel Nedved
68%
1963 Lev Yashin
66%
2001 Michael Owen
65%
1992 Marco van Basten
62%
1989 Marco van Basten
62%
1988 Marco van Basten
62%
1974 Johan Cruyff
61%
1973 Johan Cruyff
61%
1971 Johan Cruyff
61%
2004 Andriy Shevchenko
57%
2000 Luis Figo
57%
1985 Michel Platini
56%
1984 Michel Platini
56%
1983 Michel Platini
56%
1959 Alfredo di Stefano
55%
1957 Alfredo di Stefano
55%
1999 Rivaldo
55%
1976 Franz Beckenbauer
53%
1972 Franz Beckenbauer
53%
1987 Ruud Gullit
52%
1995 George Weah
46%
1970 Gerd Muller
44%
1966 Bobby Charlton
43%
1993 Roberto Baggio
43%
1968 George Best
42%
1965 Eusebio
39%
1990 Lothar Matthaus
38%
1960 Luis Suarez
37%
1994 Hristo Stoichkov
34%
1996 Matthias Sammer
30%
1991 Jean-Pierre Papin
29%
1981 Karl-Heinz Rummenigge
26%
1980 Karl-Heinz Rummenigge
26%
1956 Stanley Mathews
25%
1979 Kevin Keegan
24%
1978 Kevin Keegan
24%
1982 Paolo Rossi
24%
1964 Denis Law
20%
1958 Raymond Kopa
17%
1969 Giana Rivera
14%
1986 Igor Belanov
13%
1977 Allan Simonsen
12%
1967 Florian Albert
12%
1975 Oleg Blokhin
12%
1961 Omar Sivori
12%
1962 Josef Masopust
11%
No matching quizzes found
Score Distribution
Percent of People with Each Score
Percentile by Number Answered
Your Score History
You have not taken this quiz since the last reset